00614nam a2200193 a 4500001001300000003000900013005001700022008004100039020002300080082001900103100002800122245008600150260002500236300000900261500003500270505006400305650002300369700002800392nice12345678IN_TiNIC20260116015403.0150305s2010 dela grp 000 0 eng  a9788184650860c33500a305.50954bJES aJesurathnam, Kondasingu aDalit Liberative Hermeneuticsb Indian Christian Dalit Interpretation of Psalm 22 aDelhi bISPCK c2010 a309  aincludes index and biblioraphy2 aGeneral Conclusion, Abbreviations, Appendix-A, Biblo Source aCaste Christianity1 aJesurathnam, Kondasingu